000 00833nam a22002057a 4500
999 _c5571
_d5571
003 AR-CdUCM
008 190312b ||||| |||| 00| 0 spa d
040 _aMUNICIPALIDAD PROVINCIAL DEL CUSCO
_cBIBLIOTECA MUNICIPAL DEL CUSCO
082 _a985.6121 /
_bAN61
100 _aAngles Vargas, Víctor
_94559
245 _aAutopistas a las 34 poblaciones antiguas de Machu Picchu /
260 _aCusco :
_bStudio Creativo Punto Com,
_c2007.
300 _a303 páginas ;
_bilustraciones color, retrato, mapas,
_c20 cm.
505 _aContenido: Mapa del Perú -- Mapa del departamento del Cusco -- La ciudad Inca de Wiñay Wayna -- Retrato de Hiram Bingham -- Machu Picchu ...
650 _aSantuario histórico de Machupicchu
_916682
650 _aCusco
_9772
650 _aRuinas del Cusco
_916683
942 _2ddc
_cLIBROS
945 _aachl